Statistiques concernant Les films de Jafar Panahi

Cliquez ici pour prendre le quiz!

Statistiques générales

  • Ce quiz a été pris 4 fois
  • Le résultat moyen est 4 sur 9

Statistiques - réponses

Réponse % Correct
Taxi Téhéran
75%
Sang et or
50%
Le Cercle
50%
Trois visages
50%
Pardé
50%
Hors jeu
25%
Le Miroir
25%
Le Ballon Blanc
25%
Ceci n'est pas un film
25%

Distribution des résultats

Percentile by Number Answered

% des personnes avec chaque résultat

Votre développement - résultats

Vous n’avez pas pris ce quiz